Combining product manufacturing with product application for high soild-low viscosity latexes (Record no. 55865)

MARC details
000 -LEADER
fixed length control field 00500nam a2200145Ia 4500
100 ## - MAIN ENTRY--AUTHOR NAME
Personal name Amaral Marcelo do
245 #0 - TITLE STATEMENT
Title Combining product manufacturing with product application for high soild-low viscosity latexes
260 ## - PUBLICATION, DISTRIBUTION, ETC. (IMPRINT)
Name of publisher 6th Annual International Latex Conference, Hilton Akron/Fairlawn, July 29-30, 2003
650 ## - SUBJECT ADDED ENTRY--TOPICAL TERM
Topical Term Loe-viscosity latex
700 ## - ADDED ENTRY--PERSONAL NAME
Personal name Asua Jose M
700 ## - ADDED ENTRY--PERSONAL NAME
Personal name Creton Costantino
856 ## - ELECTRONIC LOCATION AND ACCESS
Uniform Resource Identifier Copy of article
942 ## - ADDED ENTRY ELEMENTS (KOHA)
Koha item type Journals
Holdings
Withdrawn status Lost status Damaged status Not for loan Home library Current library Shelving location Date acquired Koha item type
      Journals RRII Library RRII Library Rubber chemistry 17/12/2021 Journals